书目信息 |
| 题名: |
中国全史(下)
|
|
| 作者: | 翟文明 主编 | |
| 分册: | 下卷 | |
| 出版信息: | 北京 光明日报出版社 2004.03 |
|
| 页数: | 589页 | |
| 开本: | 20cm | |
| 丛书名: | ||
| 单 册: | ||
| 中图分类: | K20 | |
| 科图分类: | ||
| 主题词: | 中国--通史 | |
| 电子资源: | ||
| ISBN: | 7-80145-860-5 | |
| 000 | 00555nam0 2200193 45 | |
| 001 | 0460132809 | |
| 005 | 2004051816421270 | |
| 010 | @a7-80145-860-5@dCNY 24.00 | |
| 100 | @a20040518d2004 km y0chiy0120 ea | |
| 101 | 0 | @achi |
| 102 | @aCN@b110000 | |
| 200 | 1 | @a中国全史(下)@AZhong Guo Quan Shi(Xia)@h下卷@f翟文明主编@FZhai Wen Ming Zhu Bian |
| 210 | @a北京@c光明日报出版社@d2004.03 | |
| 215 | @a589页@d20cm | |
| 606 | 0 | @a中国@x通史 |
| 690 | @aK20@v4 | |
| 701 | 0 | @a翟文明@AZhai Wen Ming@4主编 |
| 801 | 0 | @aCN@bPFT@c20040518 |
| 905 | @a安徽大学@dK20@eZ048:2 | |
| 中国全史(下).下卷/翟文明主编.-北京:光明日报出版社,2004.03 |
| 589页;20cm |
| ISBN 7-80145-860-5:CNY 24.00 |
| ● |
| 相关链接 |
|
|
|
正题名:中国全史(下)
索取号:K20/Z048:2
 
预约/预借
| 序号 | 登录号 | 条形码 | 馆藏地/架位号 | 状态 | 备注 |
| 1 | 376067 | 203760670 | 社科库309/309社科库 105排5列4层/ [索取号:K20/Z048:2] | 在馆 | |
| 2 | 376068 | 203760689 | 社科库309/ [索取号:K20/Z048:2] | 在馆 |